[Event "Linares 21st"]
[Site "Linares"]
[Date "2004.02.28"]
[Round "9"]
[White "Radjabov, Teimour"]
[Black "Kasparov, Garry"]
[Result "1/2-1/2"]
[WhiteElo "2656"]
[BlackElo "2831"]
[Annotator "Postny,E"]
[PlyCount "115"]
[EventDate "2004.02.19"]
[EventType "tourn"]
[EventRounds "14"]
[EventCountry "ESP"]
[EventCategory "20"]
[SourceTitle "CBM 100"]
[Source "ChessBase"]
[SourceDate "2004.06.01"]
[SourceVersion "1"]
[SourceVersionDate "2004.06.01"]
[SourceQuality "1"]

1. e4 e5 2. Nf3 Nc6 3. d4 exd4 4. Nxd4 Nf6 5. Nxc6 bxc6 6. e5 Qe7 7. Qe2 Nd5 8.
c4 Ba6 9. b3 g6 10. f4 f6 ({Other theoretical possibilities are:} 10... Qb4+) (
10... Bg7) 11. exf6 ({Kasparov as white chose} 11. Ba3 {and won in the
encounter Kasparov,G-Karpov,A/Tilburg 1991/CBM 26 [Schussler]}) 11... Qxe2+ (
11... Nxf6 12. Bb2 O-O-O (12... Bg7 13. Nd2 Qxe2+ 14. Bxe2 O-O 15. O-O-O d5 16.
Rhe1 Rad8 17. Bf3 $14 {1-0 Nataf,I-Daurelle,H/Drancy 2003 (33)}) 13. Nd2 d5 (
13... Qf7 14. O-O-O Bg7 15. g3 Rhe8 16. Qf3 Re7 17. Bh3 Rde8 18. Qf2 Kb8 19.
Rhe1 d6 $11 {1/2-1/2 Goloshchapov,A-Sriram,J/Sangli 2000/EXT 2001 (49)}) 14.
O-O-O d4 15. Re1 Qxe2 16. Bxe2 Bh6 17. g3 g5 18. Bf3 c5 19. Ba3 Bb7 20. Bxb7+
Kxb7 21. Bxc5 $14 {1/2-1/2 Beliavsky,A-Almasi,Z/Niksic 1997/CBM 59 ext (40)})
12. Bxe2 Bb4+ 13. Bd2 Bxd2+ 14. Nxd2 Nxf4 15. Rf1 {Radjabov follows the game
Rublevsky-Tseshkovsky (see below), but Kasparov has another novelty in his
mind...} Nxe2 $1 $146 {[%mdl 8] This novelty might change the evaluation of
this variation.} (15... Nxg2+ 16. Kf2 Nf4 {- see the annotated game Rublevsky,
S-Tseshkovsky,V/Krasnoyarsk 2003/CBM 98 [Postny,E]}) 16. Kxe2 Kf7 {Black is
blocking white's advanced Pf6 and hoping to capture it sooner or later. The
passivity of black's pieces (Ba6) is temporary. Still, it's hard to believe,
that black is better in this endgame, but white can easily overestimate his
chances here.} 17. Kd3 Rae8 18. Rae1 $2 {Strange decision by Radjabov to
sacrifice the pawn.} (18. Ne4 $6 {is met by} Re5 {[%cal Gh8e8]}) ({Possible was
} 18. g4 {with idea to support the far advanced Pf6. It seems to me, that the
position is approximately equal in this case.}) 18... Rxe1 19. Rxe1 Kxf6 20.
Ne4+ Kg7 21. Nc3 ({White achieves nothing after} 21. Nc5 Bc8 22. Nxd7 $4 Rd8
$19) 21... Kf7 22. Rf1+ Ke7 23. Re1+ Kf7 24. Rf1+ Ke7 25. Re1+ {Probably
Radjabov thought, that he achieves the draw this way, but black can play for
more...} Kd8 $1 26. Rf1 Bb7 27. Ne4 ({An amusing variation is} 27. Rf7 Ke8 28.
Rg7 $4 Bc8 $19 {[%csl Rg7][%cal Re8f8]}) 27... Ke7 28. Re1 Kf7 29. Kd4 (29.
Ng5+ Kf6 30. Ne4+ Kg7 {and black's king escapes from checks.}) 29... h6 {
Covering the g5 square against white's possible knight check.} 30. b4 (30. c5
Rd8 $17 {[%cal Gd7d6]} 31. Rf1+ Kg7 32. Rf6 d5 $1 33. cxd6 c5+ 34. Ke5 (34.
Nxc5 Kxf6 35. Nxb7 Rd7 $19) 34... Bxe4 35. dxc7 Re8+ 36. Re6 Rxe6+ 37. Kxe6
Bxg2 $1 38. Kd7 Bh3+ 39. Kd8 g5 40. c8=Q Bxc8 41. Kxc8 g4 42. Kd7 h5 43. Ke6 h4
$19) 30... d6 31. c5 Rd8 32. Re3 {Trying to attack black's pawns using the 3rd
rank, but without success.} ({Comes to consideration} 32. h4) 32... g5 33. Ra3
a6 34. Rf3+ Kg7 35. Re3 $6 ({Stronger was} 35. Rc3 {not allowing black to
activize the bishop.}) 35... Bc8 $1 {Activizing the bishop.} 36. Rc3 dxc5+ 37.
Kxc5 Be6 38. Kxc6 $6 {It does not seems correct to give the a2 pawn.} (38. Ra3
$6 Bd5 39. Ng3 Bxg2 40. Rxa6 Rd2 {with good winning chances.}) ({The right
continuation seems to be} 38. a3 Bd5 39. Kd4 {with chances for a draw.}) 38...
Bxa2 39. Nc5 (39. Kxc7 Rd4 40. Ra3 Rxe4 41. Rxa2 Rxb4 42. Rxa6 Rb2 $19) 39...
Rb8 $1 {This strong move was probably missed, or underestimated by Radjabov.}
40. Ra3 (40. Nxa6 $4 Rb6+) 40... Bc4 41. Ra4 Re8 42. Kxc7 Re2 43. g4 $2 {
[%csl Rg4] This pawn is much more vulnerable on g4, than on g3.} ({The only
chance for a draw was} 43. g3 Rxh2 44. Nxa6 Rg2 45. Ra3 Rb2 46. Nc5 Rxb4 47.
Kd6) 43... Rxh2 44. Nxa6 Rb2 45. Kb6 Be2 {Now the drawbacks of 43.g4 are clear.
Black is winning the pawn g4 and getting two connected passed pawns, which
give him decisive advantage.} 46. Nc5 Bxg4 47. b5 Be2 48. Ne6+ Kf6 49. Nd4 h5
50. Kc5 g4 51. b6 g3 $1 {The most precise continuation.} 52. b7 g2 53. b8=Q (
53. Nxe2 Rxe2 54. Ra1 (54. b8=Q g1=Q+ $19) 54... Rb2 55. Rg1 Rxb7 56. Rxg2 Rd7
$19) 53... Rxb8 54. Nxe2 Rb2 55. Ng1 Rf2 $4 {After long, well played game
Kasparov slips at the very end.} ({After the simple} 55... Rb1 56. Nf3 g1=Q+
57. Nxg1 Rxg1 {black gets a winning endgame, for instance:} 58. Kd5 Rg5+ $1 59.
Kd6 Rg4 $19 {[%csl Gh5]}) 56. Ra6+ Kf5 57. Kd4 Rf1 {[%tqu "En","How can white
draw?","","","d4e3","Kasparov's disappointment can be only imagined...",3,
"d4e3","",0]} 58. Ke3 $1 {Kasparov's disappointment can be only imagined...} (
58. Ke3 Rxg1 59. Kf2 $11) 1/2-1/2

[Event "Linares 21st"]
[Site "Linares"]
[Date "2004.03.03"]
[Round "12"]
[White "Vallejo Pons, Francisco"]
[Black "Radjabov, Teimour"]
[Result "0-1"]
[WhiteElo "2663"]
[BlackElo "2656"]
[Annotator "Rogozenco,D"]
[PlyCount "124"]
[EventDate "2004.02.19"]
[EventType "tourn"]
[EventRounds "14"]
[EventCountry "ESP"]
[EventCategory "20"]
[SourceTitle "CBM 100"]
[Source "ChessBase"]
[SourceDate "2004.06.01"]
[SourceVersion "1"]
[SourceVersionDate "2004.06.01"]
[SourceQuality "1"]

1. e4 c5 2. Nf3 Nc6 3. d4 cxd4 4. Nxd4 Nf6 5. Nc3 e5 6. Ndb5 d6 7. Bg5 a6 8.
Na3 b5 9. Bxf6 gxf6 10. Nd5 Bg7 11. Bd3 Ne7 12. Nxe7 Qxe7 13. O-O f5 14. c4 O-O
15. Qf3 d5 {This move became Radjabov's specialty. He is constantly trying to
prove that Black has good play for a pawn in this variation. In Linares he was
successful, scoring 2 points out of 3 (although his positions looked rather
like White should have made 2 points).} 16. cxd5 fxe4 ({In Dortmund, half an
year before Linares, Radjabov failed with} 16... f4 17. Rfc1 Kh8 18. Nc2 Bd7
19. Ne1 Rg8 20. Be2 Bf8 21. Nd3 Re8 22. Rc7 Qd8 23. Rac1 Rg6 24. Qh5 $16 {
1-0 Kramnik,V-Radjabov,T/Dortmund 2003 (31)}) 17. Bxe4 Rb8 ({Less precise is} 
17... Qd7 18. d6 Rb8 19. Rad1 $1 Rb6 20. Qc3 $1 (20. Bd5 $2 Rxd6 21. Bb3 Kh8
$15 {0-1 Carlsen,M-Zhigalko,S/Chalkidiki 2003 (33)}) 20... Rxd6 (20... Rd8 21.
Bf5 $1 Qxf5 22. Qc7) (20... f5 $2 21. Qc5 $16 {/+-}) 21. Bf5 {transposing to
Bacrot,E-Yakovich,Y/Moscow 2004, given below.}) 18. Rfd1 (18. Rad1 Rb6 $1 (
18... Qd7 19. d6 Rb6 20. Qc3 $1 Rxd6 21. Bf5 $1 $14 {1-0 Bacrot,E-Yakovich,Y/
Moscow 2004 (72)}) 19. Qd3 Qd7 20. g3 f5 21. Bg2 Rh6 $44 {1/2-1/2 Leko,
P-Radjabov,T/Linares 2004 (27)}) 18... Qd7 ({Radjabov acheved a draw against
Topalov few rounds earlier with} 18... Qh4 {but his position was highly
suspicious:} 19. g3 Qg5 20. Qb3 Bg4 21. Bf3 f5 22. Bxg4 Qxg4 23. d6+ Kh8 24.
Qd5 f4 25. Nc2 Qg6 $6 26. Nb4 $16 {1/2-1/2 Topalov,V-Radjabov,T/Linares 2004 
(39)}) (18... Rb6 19. Rac1 f5 20. Rxc8 $1 Rxc8 21. Qxf5 $16) (18... f5 19. d6
$16) 19. d6 (19. Rac1 f5 $44) 19... Rb6 20. Qd3 Rd8 {A similar position
happened in the game Lutz-Bacrot, Plovdiv 2003, only that Lutz had the rook on
f1 instead of a1.  In the present game White has additional ideas on the
c-file, nevertheless Radjabov seems to have analyzed the position very deep
and proves that Black can neutralize White's activity on the c-file.} 21. Rac1
Bf8 22. Qg3+ (22. Rc7 Qxc7 23. Bxh7+ $1 Kg7 24. dxc7 Rxd3 25. Bxd3 Rc6 ({
Maybe better is} 25... Bxa3 26. bxa3 Rc6 $44) 26. Nc2 Rxc7 27. Ne3 Be6 $44 {
Black's pair of bishops secures some compensation for the pawn. But I don't
see reasons for White to avoid such an endgame.}) 22... Bg7 23. Qd3 (23. Rc7 $2
Qxc7) 23... Bf8 24. Qg3+ Bg7 25. Qh4 {Unfortunate decision. White should have
agreed to repetition or enter the mentioned endgame with Rc7.} Rxd6 26. Bxh7+
Kf8 27. Qb4 Bb7 {[%csl Ra3] White's activity is only seeming. Black has very
good compensation for the pawn.} 28. Nc2 (28. Rxd6 Qxd6 29. Qxd6+ Rxd6 30. Bc2
{[%cal Gc1d1]} e4 $17) 28... Qe7 $1 29. Rxd6 Rxd6 ({Black is not content with
the endgame after} 29... Qxd6 30. Qxd6+ Rxd6 31. Ne3 {[%csl Rb7] the bishop
would have been better placed on e6, controling square f5 and at the same time
attacking a2.}) 30. Qg4 Rh6 31. Bf5 Rh4 32. Qd1 Bh6 $1 33. Ne3 (33. Ra1 Bf4 $44
{[%cal Ge7g5]}) 33... Bxe3 34. fxe3 Bxg2 $1 (34... Qg5 $2 35. Qd6+ Kg8 36. Qb8+
{[%csl Re5] taking with check pawn e5.}) 35. Rc8+ (35. Kxg2 Qg5+ 36. Kh1 Qxf5
$15) 35... Kg7 36. Qe1 Qg5 37. Qg3 {White is slightly worse in the arising
endgame, but he should be able to hold.} Kf6 38. Qxg5+ Kxg5 39. Bd3 Bd5 40.
Rg8+ Kf6 41. a3 Rh3 42. Rg3 Rh8 43. e4 Be6 $15 44. Kg2 Rd8 45. Rf3+ Ke7 46. b4
$2 {A terrible oversight. It is even more surprising, since the advance b2-b4
is hardly justified strategically (makes square c3 available for black rook).}
(46. Kf2 $15) 46... f5 $1 $17 {Using a small tactical trick (pin of the rook
on the long diagonal) Radjabov improves his pawn formation, overpassing the
square f5.} 47. Rh3 (47. exf5 Bd5) 47... f4 48. Rh7+ Bf7 49. Be2 Rd2 50. Kf1
Kf6 51. h4 Bg6 52. Ra7 Bxe4 $19 53. Bg4 (53. Rxa6+ Kf5 54. Bxb5 f3 {[%cal
Gf5f4] Black wins easily. The quality matters, not the quantity. In a way this
is a triumph of Radjabov's opening strategy - Black is a pawn down, but his
central pawns are worth more than White's marginal pawns.}) 53... f3 54. Rxa6+
Kg7 55. Ra7+ Kf8 56. Rd7 Bd3+ 57. Ke1 f2+ 58. Kxd2 f1=Q 59. Rd8+ Ke7 60. Rd7+
Ke8 61. Rxd3 Qf4+ 62. Re3 Qd4+ {An important last check, in order to avoid a
long game after losing pawn e5.} (62... Qxg4 63. Rxe5+ Kd7 {Black is winning
here too, but still a long way.}) (62... Qd4+ 63. Rd3 Qxg4 {is elementary win.}
) 0-1

[Event "Linares 21st"]
[Site "Linares"]
[Date "2004.03.04"]
[Round "13"]
[White "Radjabov, Teimour"]
[Black "Shirov, Alexei"]
[Result "1-0"]
[WhiteElo "2656"]
[BlackElo "2736"]
[Annotator "Krasenkow,M"]
[PlyCount "155"]
[EventDate "2004.02.19"]
[EventType "tourn"]
[EventRounds "14"]
[EventCountry "ESP"]
[EventCategory "20"]
[SourceTitle "CBM 100"]
[Source "ChessBase"]
[SourceDate "2004.06.01"]
[SourceVersion "1"]
[SourceVersionDate "2004.06.01"]
[SourceQuality "1"]

1. d4 Nf6 2. c4 g6 3. Nc3 d5 4. Bg5 Ne4 5. Bh4 c5 6. cxd5 Nxc3 7. bxc3 Qxd5 8.
e3 Nc6 {Not the most accurate move. Black should rather choose between} (8...
cxd4 9. Qxd4 Qxd4 10. cxd4 e6 {and}) (8... Bg7 9. Qf3 Qd8) 9. Qf3 Qxf3 {
Black must go for this endgame in an unfavorable version.} (9... Qd8 {is now
impossible in view of} 10. Bc4) (9... Be6 {doesn't work in view of} 10. e4 Qd8
11. d5 Nd4 12. Qd3 Qa5 13. dxe6 (13. Ne2 $16 {Beliavsky}) 13... O-O-O 14. exf7
Bh6 15. Be2 Nxe2 16. Qh3+ $18 {Krnic}) 10. Nxf3 {[%mdl 4096]} Bg7 (10... e6 $5
11. Bf6 Rg8 {L.Popov}) 11. Rb1 (11. Bb5 {is the main theoretical move. It is
now difficult for Black to castle so he must look for other possibilities:} Bd7
(11... cxd4 12. cxd4 Be6 13. Rc1 Rc8 14. O-O Bxa2 15. Ra1 Bd5 16. Rxa7 O-O 17.
Bxc6 Bxc6 18. Bxe7 Rfe8 19. Bc5 $16 {1/2-1/2 Vagalinski,S-Doery,J/Varna 1970/
EXT 2003 (28)}) 12. O-O ({or} 12. Rb1 a6 (12... cxd4 13. cxd4 Na5 14. Bd3 e6
15. Ne5 Bxe5 16. dxe5 O-O 17. Bf6 Rfc8 18. Ke2 Rc3 19. h4 $36 {1-0 Izoria,
Z-Pantsulaia,L/Batumi GEO 2003/The Week in Chess 459 (38)}) 13. Be2 cxd4 14.
cxd4 b5 15. O-O e6 16. Rfc1 O-O 17. Nd2 Rfc8 18. Ne4 $14 {1/2-1/2 De Vries,
S-Jansen,P/Dieren 1990/EXT 2002 (32)}) 12... Rc8 (12... a6 13. Be2 cxd4 14.
cxd4 Bf5 (14... O-O 15. Rab1 b5 16. d5 Ne5 17. Nxe5 Bxe5 18. Bxe7 $16 {1-0
Magnusson,O-Nobrega,W/Siegen 1970/EXT 2002 (42)}) (14... e5 15. d5 Ne7 16. e4
Nc8 17. Rfb1 b5 18. a4 bxa4 19. Nd2 $16 {[%cal Ye2d1] 1-0 Smejkal,J-Hlousek,Z/
Havirov 1970/MCD (26)}) 15. Rac1 h6 16. Rfd1 g5 17. Bg3 e6 18. Bd6 Bf8 19. Bxf8
Kxf8 20. Ne5 $14 {1/2-1/2 Radzikowska,K-Lipska,E/POL 1978/EXT 98 (90)}) (12...
Na5 13. Rab1 a6 14. Bxd7+ Kxd7 15. Rfd1 (15. c4 $5) 15... Rhc8 16. dxc5+ Ke8
17. Rd5 Bxc3 $11 {1/2-1/2 Adler,J-Pelletier,Y/SUI 2000/EXT 2001 (31)}) (12...
cxd4 13. cxd4 Na5 14. Rab1 a6 15. Bd3 Rc8 16. Rfc1 Rxc1+ 17. Rxc1 Nc6 18. Nd2
O-O 19. Be4 $14 {1/2-1/2 Toth,C-Bagirov,R/Biel 2000/CBM 77 ext (34)}) 13. Rab1
(13. Rfc1 $5 Na5 14. Be2 f6 15. d5 Kf7 16. c4 Rhd8 17. e4 $14 {1/2-1/2 Hort,
V-Pribyl,J/Havirov 1970/MCD (28)}) 13... a6 (13... h6 14. Rfd1 (14. Rfc1 $5)
14... cxd4 15. cxd4 Na5 16. Bxd7+ Kxd7 17. Rdc1 b6 18. Kf1 Nc4 $11 {0-1
Schiffer,K-Hort,V/Germany 1980/EXT 2001 (51)}) (13... cxd4 14. cxd4 Na5 15. Bd3
$5 Be6 16. Rfc1 $14) 14. Be2 Na5 15. Ne5 $1 Bxe5 16. dxe5 Be6 17. c4 Rc7 18.
Rfc1 $14 {1-0 Taimanov,M-Savon,V/Moscow 1969/URS-ch (51)}) ({The other bishop
moves are less dangerous for Black:} 11. Be2 h6 12. O-O g5 (12... Bf5 $5) 13.
Bg3 O-O 14. h4 g4 15. Nd2 $14 {1-0 Angantysson,H-Zotos,L/Haifa 1970/EXT 2001 
(40)}) (11. Bc4 O-O 12. O-O cxd4 13. cxd4 e5 14. dxe5 Nxe5 15. Nxe5 Bxe5 16.
Rab1 b6 17. Bd5 Ba6 18. Rfd1 Rac8 $11 {0-1 Usachyi,V-Heinrich,T/Bad Zwesten
1998/EXT 2000 (62)}) 11... O-O (11... cxd4 12. cxd4 b6 $2 13. Bb5 Bd7 14. O-O
Na5 15. Ba6 Bc8 16. Bb5+ Bd7 17. Bd3 $1 Bf6 18. Bg3 $1 O-O 19. Rfc1 Rfc8 20.
Ba6 $16 {1-0 Popov,L-Mihaljcisin,M/Reggio Emilia 1970/EXT 2000/[Popov] (39)}) (
11... h6 12. Bb5 Bd7 13. O-O a6 14. Bd3 b5 15. a4 $5 bxa4 16. Be4 f5 17. Bd5 e6
18. Ba2 $44 {1-0 Peev,P-Pribyl,J/Kapfenberg 1970/EU-chT (53)}) (11... e6 12.
Bb5 cxd4 13. cxd4 O-O 14. O-O Bd7 {0-1 Tuchenhagen,A-Wuerdinger,A/Germany 1996/
EXT 99 (30)} 15. Nd2 $1 $14) 12. Bd3 {This is less active than putting this
bishop to b5:} (12. Bb5 Be6 13. a4 f6 14. Ke2 Na5 15. Bd3 Rac8 16. Nd2 $14 {
1-0 Mokry,K-Drvota,A/Prague 1978/EXT 98 (40)}) ({or} 12. Nd2 cxd4 13. cxd4 e6
14. Bb5 a6 15. Be2 b5 16. Ne4 $14 {1/2-1/2 Belotelov,D-Fish,G/Biel 2001/CBM 83
ext (31)}) 12... e5 13. dxc5 {It turns out that recapture of this pawn (as
well as the development of the queenside) is not an easy task.} h6 (13... Re8
14. Nd2 {[%cal Yd2c4,Yd2e4]}) 14. Nd2 g5 15. Bg3 Rd8 16. Ke2 Bf8 (16... f5 17.
h4 f4 18. Bh2 {[%cal Yd2e4]}) 17. Nb3 ({White decides to keep this pawn. After
} 17. Be4 f6 18. c4 Bxc5 19. Bd5+ Kg7 20. Ne4 Bb6 21. h4 Ne7 {Black parries
White's threats.}) 17... Be6 18. Rhd1 f6 19. f3 {Step by step White brings his
bishop into the game keeping his extra pawn.} Rd7 20. e4 Kf7 21. Bf2 Rc8 $6 {
Black starts a dubious plan of regaining the c5 pawn at any cost. Was GM A.
Shirov playing for a win?} ({After} 21... Rad8 {a draw was quite probable.})
22. Bb5 Rdc7 $6 23. Rd2 Kg6 24. Kd1 Nb8 $2 {It was a crazy idea to allow the
white knight to a5.} (24... Be7 25. Bxc6 bxc6 {and White can hardly break
through.}) 25. Na5 g4 $6 {Opening a second front... for White!} 26. c4 $6 {
[%cal Yb5a4] White plays consistently but misses a strong possibility} (26. Bc4
$1 Bxc4 27. Nxc4 Bxc5 28. Bxc5 Rxc5 29. Nd6 R8c7 30. Nxb7 Rxc3 31. Nd6 $18 {
[%cal Rb1b8,Rd6b5]}) 26... h5 (26... gxf3 27. gxf3 f5 {didn't help in view of}
28. Ba4 fxe4 29. Bc2 $1 ({but not} 29. fxe4 Bxc5 30. Bxc5 Rxc5 31. Nxb7 Rxc4
32. Nd6 Bg4+)) 27. Ba4 Bxc5 28. Bxc5 Rxc5 29. Nxb7 Rxc4 30. Nd6 Rxa4 31. Nxc8 {
Black has no real compensation for the exchange and White brings home his
material advantage:} Nc6 32. Rc1 Nd4 33. Ne7+ Kg5 34. Nc6 gxf3 (34... Nxc6 35.
Rxc6 Bxa2 36. Rdd6 Bb3+ 37. Ke2 Ra2+ 38. Ke3 $1 Rxg2 39. Rxf6 $18) 35. Nxd4
exd4 36. gxf3 Bxa2 37. Ke2 Bc4+ 38. Kf2 Kf4 (38... d3 39. Ke3 $18) 39. Rxd4
Ra2+ 40. Ke1 $1 Bb5 41. e5+ $1 {A nice tactical trick.} (41. Rd2 $143 Rxd2 42.
Kxd2 Kxf3) 41... Kxe5 (41... Ke3 42. exf6 $1 Kxd4 (42... Re2+ 43. Kd1) 43. f7
Re2+ 44. Kd1 $18) 42. Rd2 {Black must now exchange the rooks and the resulting
endgame is winning for White.} Rxd2 43. Kxd2 Kf4 44. Rc3 (44. Rc5 a6 45. Rxh5 {
was also possible.}) 44... a5 45. Ke1 a4 46. Kf2 Bd7 47. Rc4+ Kg5 48. Rd4 Be8
49. Rd5+ f5 50. Kg3 h4+ 51. Kf2 Bf7 52. Ra5 Bb3 53. Ke3 Bc2 54. h3 Bb3 55. f4+
Kf6 56. Kd4 Bc2 57. Ra6+ Kg7 58. Ke5 Kf7 59. Ra7+ Kg6 60. Ke6 Bb3+ 61. Ke7 Kg7
62. Ra5 Bc2 63. Rc5 Be4 64. Rc1 Bd5 65. Rg1+ Kh6 66. Kf6 a3 (66... Be4 67. Rg6+
Kh7 68. Kg5 $18) 67. Rg6+ Kh7 68. Rg7+ Kh6 69. Ra7 a2 70. Kxf5 Bc4 71. Kf6 Bb3
72. f5 Bc4 73. Ra4 Kh7 74. Kg5 Kg7 75. Ra7+ Bf7 76. f6+ Kg8 77. Kxh4 Be6 78.
Kg3 1-0

[Event "EU-ch 5th"]
[Site "Antalya"]
[Date "2004.05.16"]
[Round "2"]
[White "Radjabov, Teimour"]
[Black "Hulak, Krunoslav"]
[Result "1-0"]
[WhiteElo "2670"]
[BlackElo "2550"]
[PlyCount "75"]
[EventDate "2004.05.15"]
[EventType "swiss"]
[EventRounds "13"]
[EventCountry "TUR"]
[SourceTitle "CBM 101"]
[Source "ChessBase"]
[SourceDate "2004.07.27"]
[SourceVersion "1"]
[SourceVersionDate "2004.07.27"]
[SourceQuality "1"]

1. d4 Nf6 2. c4 e6 3. g3 c5 4. Nf3 cxd4 5. Nxd4 d5 6. Bg2 e5 7. Nf3 d4 8. O-O
Nc6 9. e3 Bc5 10. exd4 exd4 11. Nbd2 O-O 12. Nb3 Qb6 13. Bf4 Be6 14. Rc1 Rad8
15. Nxc5 Qxc5 16. Qb3 b6 17. Rfd1 h6 18. Qb5 Bf5 19. a3 Be4 20. b4 Qe7 21. c5
Qb7 22. cxb6 axb6 23. Ne1 Na7 24. Qc4 b5 25. Qf1 Nc6 26. Nd3 Qa8 27. Rc5 Rfe8
28. Rdc1 Ne7 29. Bc7 Qxa3 30. Bxe4 Nxe4 31. Ra1 Qb3 32. Bxd8 Nd5 33. Rb1 Qa2
34. Re1 Ndc3 35. f3 Rxd8 36. fxe4 Qd2 37. Rf5 f6 38. Rf2 1-0

[Event "EU-ch 5th"]
[Site "Antalya"]
[Date "2004.05.18"]
[Round "4"]
[White "Radjabov, Teimour"]
[Black "Nyback, Tomi"]
[Result "1/2-1/2"]
[WhiteElo "2670"]
[BlackElo "2545"]
[PlyCount "122"]
[EventDate "2004.05.15"]
[EventType "swiss"]
[EventRounds "13"]
[EventCountry "TUR"]
[SourceTitle "CBM 101"]
[Source "ChessBase"]
[SourceDate "2004.07.27"]
[SourceVersion "1"]
[SourceVersionDate "2004.07.27"]
[SourceQuality "1"]

1. d4 Nf6 2. c4 e6 3. Nf3 b6 4. Nc3 Bb7 5. a3 d5 6. cxd5 Nxd5 7. Qc2 Nxc3 8.
bxc3 c5 9. e4 Nd7 10. Bf4 Be7 11. d5 exd5 12. exd5 O-O 13. Rd1 Re8 14. Be2 c4
15. O-O Rc8 16. a4 Bf6 17. Rfe1 Rc5 18. d6 Be4 19. Qc1 Qa8 20. Bf1 Rd8 21. Nd2
Bd5 22. Qc2 Qc6 23. Ne4 Ra5 24. Re3 Be6 25. Qe2 Qxa4 26. Bg3 Qb5 27. Nxf6+ Nxf6
28. Re5 Qa4 29. h3 Rxe5 30. Bxe5 Ne8 31. Rd4 Qa5 32. Qe4 b5 33. Qb7 Rd7 34. Qb8
Kf8 35. g4 Qb6 36. Qxb6 axb6 37. Bg2 f6 38. Bf4 g5 39. Bg3 Ra7 40. Rd1 Kf7 41.
Re1 Rd7 42. Bc6 Rd8 43. Rd1 b4 44. cxb4 c3 45. Ba4 f5 46. gxf5 Bxf5 47. Rc1
Nxd6 48. Rxc3 b5 49. Bb3+ Nc4 50. Bxc4+ bxc4 51. Rxc4 Bxh3 52. Rc1 Rd4 53. Kh2
Bd7 54. Rc7 Ke6 55. Rb7 h5 56. Rb6+ Ke7 57. Be5 Rd5 58. Bc3 h4 59. Rh6 Kf7 60.
Rf6+ Ke7 61. Rh6 Kf7 1/2-1/2

[Event "EU-ch 5th"]
[Site "Antalya"]
[Date "2004.05.20"]
[Round "5"]
[White "Kempinski, Robert"]
[Black "Radjabov, Teimour"]
[Result "1/2-1/2"]
[WhiteElo "2586"]
[BlackElo "2670"]
[PlyCount "40"]
[EventDate "2004.05.15"]
[EventType "swiss"]
[EventRounds "13"]
[EventCountry "TUR"]
[SourceTitle "CBM 101"]
[Source "ChessBase"]
[SourceDate "2004.07.27"]
[SourceVersion "1"]
[SourceVersionDate "2004.07.27"]
[SourceQuality "1"]

1. d4 e6 2. c4 f5 3. g3 Nf6 4. Bg2 c6 5. Nh3 d5 6. Qc2 Bd6 7. O-O O-O 8. Bf4
Be7 9. Nd2 Nh5 10. Nf3 Nxf4 11. Nxf4 Bd6 12. Ne5 Qe7 13. Rab1 Nd7 14. Nfd3 a5
15. e3 Bxe5 16. dxe5 b6 17. Rfd1 Ba6 18. b3 Rac8 19. Qc3 Rfd8 20. a4 Qa3
1/2-1/2

[Event "EU-ch 5th"]
[Site "Antalya"]
[Date "2004.05.21"]
[Round "6"]
[White "Radjabov, Teimour"]
[Black "Izoria, Zviad"]
[Result "1/2-1/2"]
[WhiteElo "2670"]
[BlackElo "2573"]
[PlyCount "79"]
[EventDate "2004.05.15"]
[EventType "swiss"]
[EventRounds "13"]
[EventCountry "TUR"]
[SourceTitle "CBM 101"]
[Source "ChessBase"]
[SourceDate "2004.07.27"]
[SourceVersion "1"]
[SourceVersionDate "2004.07.27"]
[SourceQuality "1"]

1. d4 Nf6 2. c4 e6 3. Nf3 d5 4. g3 Bb4+ 5. Bd2 Be7 6. Bg2 O-O 7. O-O c6 8. Bf4
b6 9. Nc3 Bb7 10. Rc1 Nbd7 11. cxd5 cxd5 12. Nb5 Ne8 13. Qb3 a6 14. Nc7 Rc8 15.
Nxe8 Rxe8 16. a4 Rc6 17. Rxc6 Bxc6 18. Rc1 Qa8 19. e3 Rc8 20. Bf1 h6 21. h4 Bd8
22. Bd6 Nf6 23. Ba3 a5 24. Rc2 Be8 25. Bb5 Bxb5 26. axb5 a4 27. Qd3 Ne4 28. Bb4
Bf6 29. Kg2 g5 30. hxg5 hxg5 31. Ng1 g4 32. Qd1 Bg7 33. Qc1 Rxc2 34. Qxc2 Qd8
35. Ne2 Bh6 36. Nc3 Ng5 37. Nxa4 Qf6 38. Qd1 Qf5 39. Nc3 Bf8 40. Bxf8 1/2-1/2